Principios jurídicos de la organización administrativa

Uloženo v:
Podrobná bibliografie
Hlavní autor: García-Trevijano Fos, José Antonio (Autor)
Médium: Kniha
Jazyk:španělština
Vydáno: Madrid Instituto de Estudios Políticos 1957
Témata:
Tagy: Přidat tag
Žádné tagy, Buďte první, kdo vytvoří štítek k tomuto záznamu!

MARC

LEADER 00000nam a2200000 a 4500
001 UCY5923
003 CL-VaPUC
008 950521e19570000SP |||||||||||||||||spa|d
082 0 4 |a 342  |b GAR  |2 21 
100 |a García-Trevijano Fos, José Antonio  |e author  |9 383661 
245 1 0 |a Principios jurídicos de la organización administrativa 
300 |a 259 p 
942 |c BK 
945 |d 19950521 00:00:00  |a aalvarez 
260 |a Madrid  |b Instituto de Estudios Políticos  |c 1957 
650 0 |a Derecho administrativo  |9 254851 
650 0 |a Responsabilidad administrativa  |9 256129 
651 0 |a España  |9 254926 
583 |a last modification  |c 19950521 00:00:00  |k Rodrigo Vera 
999 |c 233522  |d 233520 
952 |0 0  |1 0  |4 0  |6 342_000000000000000_GAR_1957  |7 0  |8 A  |9 239101  |a BIBDER  |b BIBDER  |d 2019-11-18  |i 2000148  |o 342 GAR 1957  |p 2000148  |r 2023-01-25  |w 2019-11-18  |y BK  |k DER